000 00454nam a22001457a 4500
020 _a9788120343658
082 _a808.066
100 _aEdward Jay Friedlander
245 _aFeature writing the persuit of excellence
250 _a7th
260 _aNew Delhi
_bPHI learning
_c2011
300 _a310p
942 _cBK
999 _c2587
_d2587